| 000 | 00365nam a2200145Ia 4500 | ||
|---|---|---|---|
| 005 | 20250323152428.0 | ||
| 008 | 240331s9999 xx 000 0 und d | ||
| 082 |
_bPON _a894 |
||
| 100 | _aPonnaiyan, T | ||
| 245 | 0 | _aNaam enn eluthukintrom | |
| 260 |
_aColombo _bMeera pathippagam _c2004 |
||
| 300 | _avi. 118 p ., | ||
| 650 | _aKalai Illakkiya Kadoorai | ||
| 942 | _cL | ||
| 999 |
_c4071 _d4071 |
||